Текст томруулах:    
The legal & regulatory environment of business (Бичлэгийн дугаар. 145745)
000 -УДИРДЛАГА
Удирдлага 01807 a2200529 4500
003 - ХЯНАЛТЫН ТОО ТОДОРХОЙЛОГЧ
Код MN-UlNUM
005 - БИЧИЛТ ХИЙСЭН ОГНОО
Тухайн бичилтийг бичсэн засварласан сүүлийн огноо 20251125150340.0
008 - ЕРӨНХИЙ МЭДЭЭЛЭЛ
Ерөнхий мэдээлэл 110605s2005 maua 001 0 eng
020 ## - ISBN
ISBN 0072881119
-- 9780072881110
040 ## - БИЧЛЭГ ҮҮСГЭГЧ БАЙГУУЛЛАГА
Бичлэг үүсгэгч номын сангийн код МУИС-ийн номын сан
084 ## - ББК АНГИЛАЛ
ББК ангилал 67.404
Зохиогчийн гурван тэмдэгт T 44
Нэмэлт тусгалт Гарын авлага
Мэдлэгийн ялгаа 67 - Төр эрх, хууль
245 14 - ҮНДСЭН ГАРЧИГ
Номын нэр The legal & regulatory environment of business
Оролцогчдын тухай мэдээ O. Lee Reed ... [et al.].
246 3# - ЗЭРЭГЦЭЭ ГАРЧИГ
Зэрэгцээ гарчиг Legal and regulatory environment of business
250 ## - ДАХИН ХЭВЛЭЛТ
Дахин гаралтын дугаар 13th ed.
260 ## - ГАРАЛТЫН МЭДЭЭ
Хэвлэгдсэн газар Boston
Хэвлэлийн газар Mc Graw Hill/ Irwin
Хэвлэгдсэн он 2005
300 ## - МАТЕРИАЛЫН ТОДОРХОЙЛОЛТ
хуудасны тоо xxxvii, 634 p.
Бусад тоон мэдээлэл ill.
Хэмжээ 25 cm.
Дагалдах материал 1 Student DVD-ROM (4 3/4 in.)
500 ## - Тайлбар
Дансны дугаар БС 5917
546 ## - ХЭЛНИЙ ТУХАЙ МЭДЭЭ
Хэл Англи хэл дээр,
653 ## - Түлхүүр үг
Түлхүүр үг trade regulation
653 ## - Түлхүүр үг
Түлхүүр үг commercial law
653 ## - Түлхүүр үг
Түлхүүр үг law United States
700 1# - ХАМ ЗОХИОГЧИД
Ба бус Reed, O. Lee
Fuller form of name (Omer Lee)
700 1# - ХАМ ЗОХИОГЧИД
Ба бус Peter J. Shedd
700 1# - ХАМ ЗОХИОГЧИД
Ба бус Jere W. Morehead
700 1# - ХАМ ЗОХИОГЧИД
Ба бус Robert N. Corley
740 ## - НОМЫН ГАРЧИГ
Гарчиг Rule of Law as the Foundation of Business
740 ## - НОМЫН ГАРЧИГ
Гарчиг The Ethical Basis of Law and Business Management
740 ## - НОМЫН ГАРЧИГ
Гарчиг The Court System
740 ## - НОМЫН ГАРЧИГ
Гарчиг The Litigation Process
740 ## - НОМЫН ГАРЧИГ
Гарчиг Alternative Dispute Resolution Systems
740 ## - НОМЫН ГАРЧИГ
Гарчиг The Constitution and Business
740 ## - НОМЫН ГАРЧИГ
Гарчиг The Property System
740 ## - НОМЫН ГАРЧИГ
Гарчиг Principles of Contract Law
740 ## - НОМЫН ГАРЧИГ
Гарчиг Torts in the Business Environment
740 ## - НОМЫН ГАРЧИГ
Гарчиг The Criminal Law and Business
740 ## - НОМЫН ГАРЧИГ
Гарчиг Corporate Governance and Business Organizations
740 ## - НОМЫН ГАРЧИГ
Гарчиг Corporate Governance and the Regulatory Process
740 ## - НОМЫН ГАРЧИГ
Гарчиг Antitrust Laws Regulating Competition
740 ## - НОМЫН ГАРЧИГ
Гарчиг Employment and Labor Laws
740 ## - НОМЫН ГАРЧИГ
Гарчиг Discrimination in Employment
740 ## - НОМЫН ГАРЧИГ
Гарчиг Securities Regulations
740 ## - НОМЫН ГАРЧИГ
Гарчиг Environmental Laws and Pollution Control
740 ## - НОМЫН ГАРЧИГ
Гарчиг International Law
942 ## - ЭЛЕМЕНТИЙН ТӨРӨЛ
Зүйлийн төрөл Ном